000 01007cam a22003137a 4500
003 CHAP
005 20220329132940.0
008 971013s1988 r 00010 d
010 _a571
011 _a1543
035 _a719
040 _cCHAP
090 _aTesis
100 0 0 _aPérez-Grovas Garza, Víctor Alfonso.
_990134
245 1 3 _aLa producción agrícola en la región de los altos de Chiapas
260 _aChapingo, Méx. :
_bEl autor,
_c1988
300 _a89 h. gráfs.
502 _aTesis (Ing. Agr. Esp. en Fitotecnia) -- UACH. Departamento de Fitotecnia
590 _aALEPH
_b10
_c20130110
_lUCH01
_h1205
590 _aBATCH-UPD
_b10
_c20130110
_lUCH01
_h1143
590 _aBATCH-UPD
_b10
_c20130410
_lUCH01
_h0729
590 _aBATCH-UPD
_b10
_c20130914
_lUCH01
_h0034
590 _aCONVERSION
_b10
_c20130109
_lUCH01
_h1302
650 1 4 _aAgricultura
_xChiapas.
_91355
650 1 4 _aAgricultura
_xChiapas.
_91355
901 _aBK
942 _cTESIS
949 _bBC
_cTES
_d-10175
_eTS1
_h22748
_i719
_si
999 _c571
_d571